000 00605nam a22002057a 4500
003 OSt
005 20260425012507.0
008 260425b |||||||| |||| 00| 0 eng d
020 _a0-07-118162-8
040 _aDWCL-Main lib.
_cOC
082 _26th ed.
_aCirc. 621.34 H334e 2001
100 _aHayt, William H.
245 _aEngineering electromagnetics/
_cWilliam H. Hayt
250 _a6th ed.
260 _aU.S.A. :
_b McGraw-Hill,
_cc2001.
300 _avii, 561 pages ;
_c23 centimeters.
504 _aIncludes index
700 _aBuck, John A.
942 _2ddc
_cBK-CIRC
_e6th ed.
_hCirc.
_n0
999 _c9871
_d9871